| 000 | 00800nam a2200253Ia 4500 | ||
|---|---|---|---|
| 003 | OSt | ||
| 005 | 20221005060227.0 | ||
| 006 | a|||||r|||| 00| 0 | ||
| 007 | ta | ||
| 008 | 221004b |||||||| |||| 00| 0 eng d | ||
| 020 |
_a9780415483209 (hbk) _c745 |
||
| 024 | _a108034 | ||
| 037 |
_b9981, 11/02/2011, Elite Publishers Distributors _cTextual |
||
| 040 |
_aCRL _cCRL _beng |
||
| 041 |
_2eng _aeng |
||
| 082 | _aV44Q7y7M76, Q0 | ||
| 100 | _aNanda B R | ||
| 245 | 0 |
_aRoad to Pakistan _b Life and times of Mohammad Ali Jinnah |
|
| 260 |
_aLondon _bRoutedge Taylor and Francis Group UK _c2010 |
||
| 300 |
_avii,373p. _ccm. |
||
| 650 | _aHISTORY | ||
| 942 |
_hV44Q7y7M76, Q0 _cTEXL _2cc |
||
| 999 |
_c966375 _d966375 |
||